000 00520nam a2200193Ia 4500
005 20250508160759.0
008 008 250505s9999 xx 000 0 eng d
020 _a0-7145-0973-6
037 _aTextual
040 _aFEDL
_beng
_cFEDL
041 _aeng
_2eng
084 _a370.193, ILL
_qFEDL
100 _aIllich Ivan D.
245 0 _aTools for conviviality
260 _aLondon, UK
_bCalder and Boyars
_c1973
300 _axiii,110p.
942 _cTEXL
_h370.193, ILL
999 _c1366585
_d1366585